[Event "20th Dubai Open 2018"]
[Site "Dubai"]
[Date "2018.04.04"]
[Round "3"]
[White "Kovalev, Vladislav"]
[Black "Viani, Antonio Dcunha"]
[Result "1/2-1/2"]
[WhiteElo "2648"]
[BlackElo "2435"]
[Annotator "TA"]
[PlyCount "120"]
[EventDate "2018.??.??"]
[EventType "swiss"]
[EventCountry "UAE"]
[SourceTitle "playchess.com"]
[Source "ChessBase"]
[SourceQuality "1"]

{[%evp 19,120,33,35,23,57,51,74,77,60,64,60,71,57,41,50,47,48,24,27,22,24,12,20,10,41,12,42,0,8,0,9,0,0,0,0,-8,-8,-8,-8,-8,-8,-8,-8,-42,0,0,0,0,0,0,0,0,0,0,0,0,0,0,0,0,0,0,0,0,0,0,0,0,0,0,0,0,0,0,0,0,0,0,0,0,0,0,0,0,0,0,0,0,0,0,0,0,0,0,0,0,0,0,0,0,0,0,0]} 1. e4 e5 2. Nf3 Nc6 3. Bb5 {[%cal Bf1b5,Bb5a4,Ba4b3,Bb3d5][%mdl 32]} a6 4. Ba4 Nf6 5. O-O b5 6. Bb3 Bc5 7. c3 d6 8. d4 Bb6 9. a4 Bg4 {C78: Ruy Lopez: Archangelsk and Möller Defences} (9... Rb8 10. axb5 axb5 11. Na3 O-O 12. Nxb5 Bg4 13. Re1 Bxf3 14. gxf3 Nh5 15. Be3 Qf6 16. Kh1 Nf4 17. Rg1 Ne7 18. Bxf4 Qxf4 19. Rg3 Ng6 20. Bc4 Kh8 {0-1 (55) Neiksans,A (2582)-Adhiban,B (2655) chess.com INT 2018}) 10. Bg5 Rb8 {LiveBook: 23 Games} 11. Bd5 (11. d5 {NOTEXT} Na5 12. Ba2 Nb7 13. b4 h6 14. Bxf6 Qxf6 15. Nbd2) 11... Qd7 {White has an edge.} 12. Bxf6 gxf6 13. Bxc6 $146 ({Find the theoretical novelty and annotate with similar games:} 13. axb5 axb5 14. Bxc6 Qxc6 15. Nxe5 dxe5 16. Qxg4 exd4 17. Nd2 dxc3 18. bxc3 {1-0 (47) Melamed,T (2322)-Skibbe,D (2094) Germany 2004}) 13... Qxc6 14. Nxe5 dxe5 15. Qxg4 exd4 16. Rd1 Rd8 17. axb5 axb5 18. g3 Ke7 19. Qe2 d3 20. Qf3 Rd6 21. Nd2 Rhd8 22. Kg2 Re6 23. Rdc1 Qc5 24. Re1 Kf8 25. h4 Rde8 26. Re3 f5 27. Rae1 ({But not} 27. Rxd3 $2 fxe4 28. Nxe4 Rxe4 $19) 27... fxe4 28. Rxe4 Rxe4 29. Rxe4 Rxe4 30. Nxe4 Qd5 {[#] Hoping for ...d2.} 31. Nd2 (31. Nf6 $5 {[%cal Rf3d5]} Qxf3+ 32. Kxf3 $15) 31... Qc5 32. h5 {The position is equal.} h6 33. Qf6 Qxh5 34. Qd8+ Kg7 35. Qxd3 Qd1 36. b4 Kg8 37. Qd8+ Kg7 38. Qd5 Kg8 39. Qd3 Kg7 40. Qd5 Kg8 41. Qa8+ Kg7 42. Ne4 f5 43. Nc5 Bxc5 44. bxc5 $11 {[%mdl 4096] Endgame KQ-KQ} Qd3 45. Qc6 Qe4+ 46. Qxe4 fxe4 {KP-KP} 47. Kh3 {aiming for Kg4.} Kf6 48. Kg4 Ke5 49. Kh5 Kd5 50. Kxh6 Kc4 ({Wrong is} 50... Kxc5 $2 51. g4 $18) 51. g4 {[#] And now g5 would win.} Kxc3 {K3P-K3P} 52. g5 b4 53. g6 b3 54. g7 b2 55. g8=Q b1=Q {...Qh1+ is the strong threat.} 56. Qg7+ Kc4 {White must now prevent ...Qh1+.} 57. Qf7+ Kxc5 58. Qxc7+ Kd5 59. Qd7+ Ke5 60. Qg7+ Kd5 {Precision: White = 61%, Black = 71%.} 1/2-1/2

[Event "20th Dubai Open 2018"]
[Site "Dubai"]
[Date "2018.04.04"]
[Round "3"]
[White "Ganguly, Surya Shekhar"]
[Black "Debashis, Das"]
[Result "1-0"]
[WhiteElo "2642"]
[BlackElo "2518"]
[Annotator "TA"]
[PlyCount "58"]
[EventDate "2018.??.??"]
[EventType "swiss"]
[EventCountry "UAE"]
[SourceTitle "playchess.com"]
[Source "ChessBase"]
[SourceQuality "1"]

{[%evp 10,58,27,0,30,37,35,39,37,50,53,59,60,68,48,58,54,55,67,61,58,64,131,137,135,109,141,131,179,182,192,171,245,256,217,230,236,198,265,212,308,234,524,518,29991,29992,29992,29993,29994,29995,29995]} 1. e4 c5 2. Nf3 d6 3. d4 cxd4 4. Nxd4 Nf6 5. Nc3 a6 6. a3 g6 {B90: Sicilian Najdorf: Unusual White 6th moves, 6 Be3 Ng4 and 6 Be3 e5} (6... e5 7. Nf3 Be7 8. Bc4 O-O 9. Bg5 Be6 10. Bxf6 Bxc4 11. Bxe7 Qxe7 12. Nd2 Be6 13. Nf1 Nd7 14. Ne3 Nf6 15. O-O Rac8 16. Qd3 Rc6 17. Rfd1 Rfc8 18. f3 g6 19. Kh1 Kg7 20. Qd2 {½-½ (20) Anand,V (2782)-Nepomniachtchi,I (2729) Riadh 2017}) 7. Be3 Bg7 8. f3 Nc6 {White is slightly better.} 9. Qd2 d5 10. exd5 $146 ({Predecessor:} 10. O-O-O dxe4 11. Nxc6 Qxd2+ 12. Rxd2 bxc6 13. Nxe4 Nxe4 14. fxe4 {½-½ (27) Saric,I (2648)-Idani,P (2563) Moscow 2017}) 10... Nxd5 11. Nxc6 bxc6 12. Bd4 $36 {[%mdl 2048] White has the initiative.} Bxd4 13. Qxd4 O-O 14. O-O-O $1 {[%cal Rc3d5]} Qc7 15. Bc4 Nb6 {[#]} (15... Be6 $14) 16. Ba2 $1 $16 Bf5 17. g4 Rad8 18. Qe3 Rxd1+ 19. Rxd1 Bc8 20. h4 Kg7 {[#]} (20... Bb7 {is a better defense.} 21. h5 Nd5 22. Bxd5 cxd5) 21. h5 $1 $18 h6 22. hxg6 fxg6 23. Re1 e5 (23... e6 $142 24. Qd4+ (24. Bxe6 Bxe6 25. Qxe6 Rxf3 $16) 24... Kh7) 24. Qc5 Re8 (24... Rxf3 {was worth a try.} 25. g5 hxg5) 25. Ne4 Nd7 $2 {[#]} (25... Na4 26. Qd6 Qxd6 27. Nxd6 Rd8) 26. Nd6 $3 {[%mdl 512]} Rf8 (26... Re6 $18 27. Bxe6 Nxc5 28. Ne8+ Kf8 29. Nxc7 Nxe6 30. Nxe6+ (30. Rxe5 Nxc7 31. Kd2 Kf7 $11) 30... Bxe6 31. Rxe5 Bd5) 27. Nf5+ {White mates.} gxf5 28. Qe7+ Kg6 29. gxf5+ Kxf5 {Precision: White = 82%, Black = 44%.} 1-0

[Event "20th Dubai Open 2018"]
[Site "Dubai"]
[Date "2018.04.04"]
[Round "3"]
[White "Sethuraman, S.P"]
[Black "Gagare, Shardul"]
[Result "1-0"]
[WhiteElo "2631"]
[BlackElo "2502"]
[Annotator "TA"]
[PlyCount "65"]
[EventDate "2018.??.??"]
[EventType "swiss"]
[EventCountry "UAE"]
[SourceTitle "playchess.com"]
[Source "ChessBase"]
[SourceQuality "1"]

{[%evp 31,65,0,28,0,57,23,14,26,76,43,31,0,0,0,32,14,12,31,186,22,52,29,309,274,379,357,488,515,528,516,987,979,945,932,12839,12838]} 1. Nf3 d5 2. c4 c6 3. d4 Nf6 4. Nc3 e6 5. e3 Nbd7 6. Bd3 dxc4 7. Bxc4 b5 8. Bd3 a6 9. e4 c5 10. e5 cxd4 11. Nxb5 axb5 12. exf6 gxf6 13. O-O Qb6 14. Qe2 b4 15. Rd1 {D49: Semi-Slav: Meran System: Main line with 9 e4 c5 10 e5 cxd4 11 Nxb5} Bc5 (15... Bd6 16. Bb5 Bc5 17. Bf4 Ra5 18. Bd3 Bb7 19. Bg3 Bd6 20. Bxd6 Bxf3 21. Qxf3 Qxd6 22. Qb7 Ke7 {0-1 (35) Ftacnik,L (2545)-Navara,D (2720) Slovakia 2018}) 16. Bf4 Bb7 {[#] LiveBook: 14 Games} 17. a4 $146 {White has an edge.} ({Predecessor:} 17. Be4 Ba6 18. Qd2 Ra7 19. Bg3 h5 20. Rac1 Kf8 21. b3 h4 22. Bxh4 e5 {½-½ (40) Brookes,J (2511)-Nekhaev,A (2518) ICCF email 2014}) 17... Rg8 (17... bxa3 $11 18. bxa3 e5) 18. Bg3 {[%mdl 1024] White has compensation.} h5 19. Bb5 Rg4 20. Rac1 Ke7 21. Nh4 {next Nf5+ is good for White.} (21. Bxd7 $5 Kxd7 22. h3 Rxg3 23. fxg3 $11) 21... Ne5 22. Kh1 Rag8 23. f3 Rxg3 24. hxg3 Rxg3 $2 {[#]} (24... Rc8 $14) 25. Qc2 $2 (25. a5 $1 $18 {[%cal Ra5b6][%mdl 512]} Qa7 (25... Qxa5 26. Rxc5) 26. a6) 25... Bd6 $11 {[%cal Re5f3] Threatens to win with ...Nxf3!} 26. Qf2 $36 {[%mdl 2048] White fights for an advantage.} Nxf3 $2 {[%mdl 8192]} (26... Rg8 $11) 27. Nxf3 $18 Bxf3 28. gxf3 {aiming for Rc8.} Qb8 {[#] Strongly threatening ...Rh3+.} 29. Bf1 {White is clearly winning.} Be5 30. Rc4 h4 (30... Rg5 $142 31. Qd2 Bf4 32. Qxb4+ Qxb4 33. Rxb4 Be3 34. Rb7+ Kd6 35. Rxf7 Ra5) 31. Rcxd4 Bxd4 32. Qxd4 {White threatens Qc5+ and mate.} Kf8 33. Qxf6 {Precision: White = 50%, Black = 25%.} 1-0

[Event "20th Dubai Open 2018"]
[Site "Dubai"]
[Date "2018.04.04"]
[Round "3"]
[White "Yilmaz, Mustafa"]
[Black "Christiansen, Johan-Sebastian"]
[Result "1/2-1/2"]
[WhiteElo "2626"]
[BlackElo "2498"]
[Annotator "TA"]
[PlyCount "115"]
[EventDate "2018.??.??"]
[EventType "swiss"]
[EventCountry "UAE"]
[SourceTitle "playchess.com"]
[Source "ChessBase"]
[SourceQuality "1"]

{[%evp 9,115,0,35,0,12,0,0,0,0,10,30,14,12,26,25,20,40,41,31,23,27,23,14,0,0,0,0,0,0,0,88,86,95,95,151,44,72,58,53,29,49,20,94,95,156,164,392,376,383,281,537,530,533,533,487,228,256,229,404,395,360,-10,299,285,321,314,327,317,295,-8,-11,-128,-120,-128,-120,-128,-129,-141,-133,-136,-128,-125,-126,-139,-136,-138,-133,-146,-146,-215,-174,-136,-139,-139,-85,-79,-82,-114,-83,-77,-28,-30,-17,-87,0,0,0,0]} 1. d4 Nf6 2. c4 e6 3. Nf3 d5 4. Nc3 dxc4 5. e4 Bb4 6. Bxc4 {D24: Queen's Gambit Accepted: 3 Nf3 Nf6 4 Nc3} (6. Bg5 h6 7. Bxf6 Qxf6 8. Bxc4 c5 9. O-O cxd4 10. e5 Qd8 11. Ne4 O-O 12. Qe2 Be7 13. Rad1 Qc7 14. Bd3 Nd7 15. Rc1 Qa5 16. g4 Nxe5 17. Nxe5 Qxe5 {0-1 (37) Aronian,L (2794)-Caruana,F (2784) Berlin 2018}) 6... Nxe4 7. O-O Nxc3 8. bxc3 Be7 9. Ne5 O-O 10. Qg4 Nc6 11. Re1 f5 12. Qf3 Nxe5 13. Rxe5 Kh8 14. Bf4 $146 g5 15. Bd2 $36 {[%cal Bf4d2,Bd2c3,Bc3b2][%mdl 2080] White fights for an advantage.} Bd6 16. Rae1 Bxe5 17. Rxe5 Bd7 18. Bb3 c6 19. c4 Rc8 (19... h6 $11 {keeps the balance.}) 20. Bc3 $16 {[%mdl 1024] aiming for d5. White has strong compensation.} Qf6 21. Qe3 f4 (21... Kg8 $142) 22. Qd3 (22. Qd2 $1 $16) 22... Kg8 23. h3 Qg6 24. Qd1 Rf7 25. Bb2 Rcf8 (25... Re8 $11) 26. d5 c5 (26... Bc8 $142) 27. Bc2 Qh6 $2 (27... Qf6 {was worth a try.}) 28. dxe6 $18 Bxe6 29. Qd6 Rd7 $2 (29... Qf6 {was called for.} 30. Qxe6 Qxe6 31. Rxe6 Rd7) 30. Qxc5 (30. Qxe6+ Qxe6 31. Rxe6 Rd2 $11) 30... Rg7 31. Be4 Rd8 {Threatens to win with ...Rd1+.} 32. Bf3 (32. Bd5 $142 Bxd5 33. Rxd5 Rxd5 34. Qc8+ (34. Qxd5+ Rf7 $11) 34... Kf7 35. cxd5) 32... Qg6 33. Qa5 $1 {[%cal Ra5d8]} Rdd7 $2 (33... b6 34. Qc3 Rd6) 34. Be4 Qf7 35. Qxa7 $2 (35. Rxg5 $18 Qf8 36. Bxg7 Rxg7 37. Rxg7+ Qxg7 38. Qxa7) 35... Rd8 $2 {[%mdl 8192]} (35... Rd1+ $11 36. Kh2 g4 37. Qb8+ Qf8 38. Qxf8+ Kxf8 39. hxg4 Rxg4) 36. Qa5 Rd1+ 37. Kh2 g4 38. hxg4 (38. Qa8+ Qf8 $15) 38... Rxg4 {[%cal Rg4h4]} 39. Qa8+ $2 ({White must play} 39. Rg5+ $1 $18 Kf8 40. Rxg4 Bxg4 41. Ba3+ Ke8 42. Qb5+ Rd7 43. Qe5+ Be6 44. Bb4) 39... Qf8 $11 {[%cal Rg4h4]} 40. Bxh7+ (40. Qxf8+ $1 $11 {was the only way to keep the balance.} Kxf8 41. Rh5) 40... Kf7 $17 {[%cal Rg4h4,Bg8f7,Bf7f8,Bf8g7][%mdl 32]} 41. Qxf8+ ({Don't go for} 41. Qxb7+ $2 Rd7 $19) 41... Kxf8 {[%cal Rg4h4]} 42. Rh5 f3 $1 {[%csl Gf3][%cal Rg4g2]} 43. g3 Rd2 $1 {[%cal Rd2f2]} ({Much weaker is} 43... Bxc4 $6 44. Bf5 $11) 44. Ba3+ Kg7 45. Bc5 Rxc4 46. Be3 {[#]} Rd5 $1 {[%cal Rd5h5]} ({Don't do} 46... Rxa2 47. Bd3 $15) 47. Rxd5 Bxd5 {[%mdl 4096] Endgame KRB-KB} 48. Bf5 Kf6 49. Bd7 (49. g4 $17) 49... Bc6 50. Bc8 Ra4 51. g4 Bd5 (51... Rxa2 $142 52. Bb6 Ke5) 52. Kg3 Rxa2 53. Bd4+ Ke7 54. Kf4 Re2 55. Bf5 Be6 {Strongly threatening ...Bxf5.} 56. Kxf3 {[#]} (56. Be4 $11) 56... Bxf5 (56... Re1 $1 $17 {...Bxf5 is the strong threat.} 57. Kf4 Bxf5 58. Kxf5 Rc1) 57. Kxe2 $11 Bxg4+ 58. Ke3 {Precision: White = 60%, Black = 46%.} 1/2-1/2

[Event "20th Dubai Open 2018"]
[Site "Dubai"]
[Date "2018.04.04"]
[Round "3"]
[White "Oleksiyenko, Mykhaylo"]
[Black "Dimakiling, Oliver"]
[Result "1/2-1/2"]
[WhiteElo "2621"]
[BlackElo "2412"]
[Annotator "TA"]
[PlyCount "95"]
[EventDate "2018.??.??"]
[EventType "swiss"]
[EventCountry "UAE"]
[SourceTitle "playchess.com"]
[Source "ChessBase"]
[SourceQuality "1"]

{[%evp 15,95,41,54,13,14,17,52,22,20,14,70,20,41,37,43,46,27,37,59,59,54,62,68,48,52,49,73,44,38,41,48,51,50,50,53,52,49,8,8,8,8,8,8,8,8,8,8,8,8,8,103,103,172,172,180,8,8,8,14,14,14,8,104,104,104,54,14,8,8,8,8,8,8,8,8,8,8,8,8,8,8,8]} 1. e4 e5 2. Nf3 d6 3. d4 Nf6 4. dxe5 Nxe4 5. Qd5 Nc5 6. Bg5 Qd7 7. exd6 Bxd6 8. Nc3 Qe6+ {LiveBook: 21 Games. C41: Philidor Defence} (8... O-O 9. O-O-O Nc6 10. Bb5 Qg4 11. h3 Qb4 12. Be3 Ne7 13. Qc4 Qxc4 14. Bxc4 Nf5 15. Bd2 Be6 16. Be2 Be7 17. Bf4 Bd6 18. Bxd6 Nxd6 {1-0 (65) Quesada Perez,Y (2642)-Sambuev,B (2562) Havana 2014}) 9. Be2 Qxd5 10. Nxd5 Ne6 $146 ({Predecessor:} 10... c6 11. Nc3 O-O 12. O-O-O h6 13. Rxd6 hxg5 14. Nxg5 Ne6 15. Nxe6 Bxe6 16. Rhd1 {1-0 (51) Grosse,M (1978)-Hentze,M (2115) Leipzig 2014}) 11. Be3 Nc6 12. O-O-O h6 ({Better is} 12... Bd7 $11) 13. c3 O-O 14. Nh4 {[%cal Bf3h4,Bh4f5,Bf5e7][%mdl 32]} Ne7 15. Nxe7+ Bxe7 16. Nf5 Bg5 17. Bxg5 Nxg5 18. Ne7+ Kh8 19. Rhe1 Be6 20. f4 Rae8 21. fxg5 {Threatens to win with Nd5.} Rxe7 22. gxh6 Bxa2 23. Bf3 Rxe1 24. Rxe1 $14 {[%mdl 4096] Endgame KRB-KRB} c6 25. Re7 Rb8 26. Bh5 Bd5 27. Bxf7 Bxg2 28. hxg7+ Kxg7 29. Re8 Rxe8 30. Bxe8 $11 {KB-KB} a5 31. Kd2 Kf6 32. Ke3 Ke5 (32... b5 $11) 33. h4 $16 {[%cal Bh2h4,Bh4h5,Bh5h6,Bh6h7][%mdl 32]} Bf1 (33... Be4 $16) 34. h5 $18 c5 35. Bg6 $2 (35. h6 $18 Kf6 36. h7) 35... b5 $11 36. Bc2 Bg2 37. h6 Kf6 38. Kf4 {Black should prevent h7.} b4 {[#]} (38... Bf1 $11) 39. c4 $1 $16 {Strongly threatening h7.} Bf1 40. h7 Kg7 41. Ke5 {The position is equal.} Bxc4 42. Kd6 {[#]} Bd3 $1 {[%mdl 512]} 43. Bxd3 a4 $1 44. Kxc5 a3 $132 {[%mdl 2048] And now ...a2 would win. Black is not keeping still} 45. bxa3 bxa3 {aiming for ...a2.} 46. Bb1 a2 47. Bxa2 Kxh7 48. Kd4 {Precision: White = 46%, Black = 56%.} 1/2-1/2

[Event "20th Dubai Open 2018"]
[Site "Dubai"]
[Date "2018.04.04"]
[Round "3"]
[White "Maghsoodloo, Parham"]
[Black "Padmini, Rout"]
[Result "1/2-1/2"]
[WhiteElo "2615"]
[BlackElo "2360"]
[Annotator "TA"]
[PlyCount "71"]
[EventDate "2018.??.??"]
[EventType "swiss"]
[EventCountry "UAE"]
[SourceTitle "playchess.com"]
[Source "ChessBase"]
[SourceQuality "1"]

{[%evp 30,71,39,-7,0,0,14,0,40,2,37,33,58,46,44,39,58,60,70,62,50,18,16,6,8,8,8,8,11,7,12,0,0,0,0,0,0,0,0,0,0,0,0,0]} 1. d4 Nf6 2. c4 e6 3. Nf3 d5 4. Nc3 c5 5. cxd5 Nxd5 6. e4 Nxc3 7. bxc3 cxd4 8. cxd4 Bb4+ 9. Bd2 Bxd2+ 10. Qxd2 O-O 11. Bc4 Nd7 12. O-O b6 13. Rfe1 Bb7 14. Rad1 Rc8 {D41: Queen's Gambit Declined: Semi-Tarrasch with 5 cxd5} 15. Bd3 (15. Bb3 Re8 16. h3 Nf6 17. Qf4 Nh5 18. Qe5 Nf6 19. Qf4 Nh5 20. Qh2 h6 21. d5 exd5 22. exd5 Rxe1+ 23. Nxe1 {½-½ (57) So,W (2799)-Kramnik,V (2800) Berlin 2018}) 15... h6 16. Bb1 {LiveBook: 3 Games} Re8 17. h3 {[#]} b5 $146 ({Predecessor:} 17... Qc7 18. Nh2 Qc3 19. Qf4 Nf8 20. Re3 Ng6 21. Qg4 Qc7 22. e5 {1-0 (37) Grooten,H (2340)-Horvath,C (2530) Leeuwarden 1995}) 18. Nh2 e5 19. Ng4 Qb6 20. d5 Rc4 21. Ne3 (21. Qb2 {is interesting.} a5 22. a3 b4 23. Ne3 Rc3 24. axb4 Qxb4 25. Qe2) 21... Rd4 22. Qb2 Rxd1 23. Rxd1 g6 24. a3 h5 25. d6 Qc5 {The position is equal.} 26. Qb3 a5 27. Ba2 Rf8 28. Qd3 b4 29. axb4 axb4 30. Nf5 gxf5 31. Qg3+ $1 Kh7 {[#] Threatens to win with ...Rg8.} 32. Qg5 Bxe4 {Hoping for ...f4.} 33. Qxh5+ Kg7 {White must now prevent ...f4.} 34. Qg5+ Kh7 {And now ...f4 would win.} 35. Qh5+ Kg7 {[#] ...f4 is the strong threat.} 36. Qg5+ {Precision: White = 30%, Black = 57%.} 1/2-1/2

[Event "20th Dubai Open 2018"]
[Site "Dubai"]
[Date "2018.04.04"]
[Round "3"]
[White "Tabatabaei, M.Amin"]
[Black "Chakravarthi Reddy, M."]
[Result "1/2-1/2"]
[WhiteElo "2605"]
[BlackElo "2442"]
[Annotator "TA"]
[PlyCount "174"]
[EventDate "2018.??.??"]
[EventType "swiss"]
[EventCountry "UAE"]
[SourceTitle "playchess.com"]
[Source "ChessBase"]
[SourceQuality "1"]

{[%evp 19,174,33,78,26,18,23,56,43,40,53,48,45,48,43,41,41,57,53,59,49,47,0,12,2,18,2,33,0,0,0,0,0,0,0,0,0,0,0,0,0,0,0,0,0,0,0,0,0,0,0,0,0,3,0,0,0,44,0,56,62,42,54,194,188,181,189,217,210,210,224,167,170,165,0,169,0,160,112,121,8,8,8,8,0,3,0,28,20,19,0,16,16,16,12,16,16,16,16,20,20,22,20,20,16,16,16,18,0,0,0,8,-30,-30,-69,-30,-259,-259,-395,-395,-395,-388,-377,-312,-249,-229,-229,-30,-69,-30,-139,-139,-138,-139,-218,-218,-221,-221,-207,-207,-224,-216,-214,-206,-203,-126,-146,0,-155,0,-195,0,-133,-126,-125,-69,-69,5077]} 1. e4 {[%cal Be2e4,Be4e5][%mdl 32]} e6 2. d4 d5 3. Nd2 Nf6 4. e5 Nfd7 5. Bd3 c5 6. c3 Nc6 7. Ne2 f6 8. exf6 Nxf6 9. Nf3 Bd6 {C06: French Tarrasch: 3...Nf6 4 e5 Nfd7 5 Bd3 main lines} 10. O-O Qc7 {LiveBook: 7 Games} (10... O-O 11. Bf4 c4 12. Bc2 b5 13. Bxd6 Qxd6 14. a3 a5 15. Qd2 Rb8 16. Ng3 b4 17. axb4 axb4 {1-0 (45) Charochkina,D (2326)-Bivol,A (2356) Moscow 2018}) 11. g3 ({White should try} 11. dxc5 $1 $16 Bxc5 12. b4) 11... O-O $11 {White has an edge.} 12. Bf4 e5 $146 ({Find the theoretical novelty and annotate with similar games:} 12... b6 13. Re1 Bd7 14. Bxd6 Qxd6 15. Bb1 Rae8 16. Nf4 e5 17. dxe5 Nxe5 18. Nxe5 Rxe5 {½-½ (58) Sebt Rasoul,S (1774)-Udval,E (1257) Ulaanbaatar 2016}) 13. dxe5 Nxe5 14. Nxe5 Bxe5 15. Bxe5 Qxe5 16. Nf4 Bg4 17. f3 Bd7 18. Re1 Qd6 19. Qd2 Rae8 20. Kg2 (20. Bc4 $5) 20... Bc6 21. Bf5 d4 22. cxd4 cxd4 (22... Nh5 $5 23. Rxe8 Bxe8 24. Nxh5 Rxf5 $11) 23. Qd3 g6 24. Bxg6 hxg6 25. Qxg6+ Kh8 26. Qh6+ Kg8 {White must now prevent ...Bxf3+!} 27. Qg5+ Kh7 28. Qf5+ Kg8 $1 29. Qg5+ Kh7 {Hoping for ...Nd5.} 30. Qf5+ Kg8 31. Ne6 {Threatening mate with Qg6+.} Bxf3+ 32. Kg1 {White threatens Qg6+ and mate.} Qd7 33. Qg5+ $1 $40 {[%mdl 128] White attacks.} Kh8 34. Qh4+ $1 Qh7 35. Nxf8 Rxf8 36. Qxd4 Qc2 {[%csl Gf3][%cal Rc2g2]} 37. Qf2 Qxf2+ $1 38. Kxf2 Ng4+ (38... Bc6 $11) 39. Kg1 $14 Bc6 40. Rf1 Rxf1+ (40... Rg8 $14) 41. Rxf1 $18 Ne5 42. h4 Kg7 43. Rf5 Nd3 44. b3 Nc1 45. Rf2 Nd3 46. Rf5 Nc1 $1 47. Rf2 Nd3 48. Re2 Kf6 49. g4 (49. h5 $16) 49... Ne5 $11 50. g5+ Kf5 51. Kf2 {aiming for Kg3.} Kf4 52. b4 Nd3+ 53. Kg1 {g6 is the strong threat.} Ne5 $1 54. Kf2 Nd3+ 55. Kf1 Ne5 56. Rc2 Kg4 57. Rc5 Ng6 $1 58. b5 Be4 59. Rc4 Kf3 60. Rc3+ Kg4 61. Kf2 {Threatens to win with Rc4.} Nxh4 62. Rc4 Kf4 63. a4 Ng6 64. a5 a6 65. b6 Ne5 66. Ra4 Kf5 67. Kg3 $2 (67. Ke3 $11 Bc6 68. Ra1) 67... Bc6 $19 68. Rd4 (68. Rf4+ $142 Kxg5 69. Rh4) 68... Kxg5 69. Kf2 Kf5 70. Rh4 Ke6 71. Ke3 Kd5 72. Rh5 Kd6 $2 (72... Be8 $1 $19 {[%cal Re8h5]} 73. Rg5 Kd6) 73. Kd4 Nf3+ 74. Kc4 (74. Ke3 $11 {was the only way to keep the balance.}) 74... Bb5+ $1 $17 75. Kc3 Ne5 76. Rh6+ (76. Rh8 $17 {keeps fighting.}) 76... Kd5 $19 77. Rh5 Bd7 78. Rh7 Kd6 79. Kb4 {[#]} Nc6+ $1 80. Ka4 Ne7+ 81. Kb4 Nd5+ 82. Kc4 {intending Rxd7+.} Ne7 83. Kb4 $1 Nc6+ 84. Ka4 Ne5+ (84... Be8 $19 85. Rh8 Bg6) 85. Kb4 $17 Nd3+ 86. Kc3 {[#] Strongly threatening Rh6+.} Nc5 ({Better is} 86... Nf4 $1 $17 87. Kb4 Bc6) 87. Kb4 Ke5 $2 {[%mdl 40960] Precision: White = 47%, Black = 58%. . An unexpected result.} (87... Ne6 $15) 1/2-1/2

[Event "20th Dubai Open 2018"]
[Site "Dubai"]
[Date "2018.04.04"]
[Round "3"]
[White "Volkov, Sergey"]
[Black "Sundararajan, Kidambi"]
[Result "1/2-1/2"]
[WhiteElo "2598"]
[BlackElo "2436"]
[Annotator "TA"]
[PlyCount "148"]
[EventDate "2018.??.??"]
[EventType "swiss"]
[EventCountry "UAE"]
[SourceTitle "playchess.com"]
[Source "ChessBase"]
[SourceQuality "1"]

{[%evp 17,148,0,0,-4,0,0,0,0,0,0,0,0,0,0,13,0,3,0,28,0,0,0,0,0,0,-16,41,41,37,37,38,36,58,58,58,44,40,44,52,52,52,52,52,52,79,79,79,79,79,79,79,79,79,79,79,79,79,79,79,79,79,71,71,71,71,71,71,71,71,71,71,71,71,71,72,72,72,57,57,57,57,57,57,57,57,57,57,57,57,57,57,57,57,8,8,0,57,57,57,57,57,57,57,57,57,57,57,0,57,57,57,8,8,0,57,8,8,8,8,8,8,8,8,8,8,0,8,0,8,8,8,8,8]} 1. c4 Nf6 2. d4 g6 3. Nc3 d5 4. Nf3 Bg7 5. Bg5 Ne4 6. Bh4 Nxc3 7. bxc3 dxc4 8. e3 Be6 9. Rb1 O-O {LiveBook: 8 Games. D91: Grünfeld: 4 Nf3 Bg7 5 Bg5} 10. Be2 Nd7 11. Ng5 Bd5 12. e4 h6 13. exd5 hxg5 14. Bxg5 Nb6 15. O-O Nxd5 16. Qd2 {[#]} c5 $146 (16... Nb6 {with more complications.} 17. a4 Nxa4 18. Rfe1 Re8 19. Rxb7 Nxc3 20. Qxc3 Qd5) ({Predecessor:} 16... Nb6 17. Bf3 {0-1 (55) Moiseenko,A (2692)-Socko,B (2617) Germany 2016}) 17. Bxc4 cxd4 18. cxd4 Rc8 19. Bxd5 Qxd5 20. Bxe7 Rfe8 21. Bg5 Qxd4 (21... Re4 $11 22. Be3 Bxd4) 22. Rxb7 $14 Qxd2 23. Bxd2 Rc2 24. Be3 Rxa2 25. Bxa7 Rd8 26. g4 Bd4 27. Bb8 Rb2 28. Rxb2 Bxb2 {[%mdl 4096] Endgame KRB-KRB} 29. Bg3 Rc8 30. Kg2 Rc1 31. Rxc1 Bxc1 $16 {KB-KB} 32. Kf3 f5 33. gxf5 gxf5 34. h4 {[%cal Bh2h4,Bh4h5][%mdl 32]} Kg7 35. Bf4 Ba3 {[#]} 36. h5 $1 Kf6 37. Ke2 Bc5 38. f3 Bb4 39. Kd3 Be1 40. Kc4 Bf2 41. Kd5 Be1 42. Kd6 Bb4+ 43. Kd7 Bc5 44. Ke8 Bb4 45. Be3 Ba3 46. Bh6 Bb4 47. f4 Bc5 48. Bf8 Be3 49. Be7+ Kg7 $1 {[%cal Rg7h6] next ...Kh6 is good for Black.} 50. Bg5 {[#] And now Ke7 would win.} Bc5 $1 51. Kd7 Kf7 $1 52. Kc6 Ba7 53. Kd6 Bb8+ 54. Kd7 Ba7 $1 55. Be7 Be3 56. Bg5 Ba7 (56... Bc5 $11) 57. Bh6 Bb8 58. Kc6 Kf6 59. Kb7 Bd6 60. Kc8 Kf7 61. Bg5 Ke6 62. Bh6 Kf7 63. Kd8 $1 Bb8 64. Bg5 Bd6 65. Kd7 Bb8 (65... Bc5 $1 $11) 66. h6 Kg6 {The position is equal.} 67. Ke7 {Kf8 is the strong threat.} Ba7 68. Kf8 {Hoping for Kg8.} Kh7 $1 69. Kf7 {Threatens to win with Kf6.} Bd4 $1 70. Bf6 Be3 71. Bg5 {aiming for Kf6.} Bd4 $1 72. Kf8 Bc3 73. Ke7 Kg6 74. Ke6 Bd4 {Precision: White = 65%, Black = 82%.} 1/2-1/2